Pokémon with Highest and Lowest Base Stats - Statistics

General Stats
  • This quiz has been taken 33 times
    31 since last reset
  • The average score is 121 of 200
Answer Stats
Best/Worst Type BST Pokémon % Correct
Best Psychic 600 Mew
96%
Best Psychic 680 Mewtwo
96%
Best Normal 720 Arceus
91%
Best Steel/Dragon 680 Dialga
91%
Best Ghost/Dragon 680 Giratina
91%
Best Fire/Flying 680 Ho-Oh
91%
Best Dragon/Ice 660 Kyurem
91%
Best Psychic/Flying 680 Lugia
91%
Best Water/Dragon 680 Palkia
91%
Best Dragon/Flying 680 Rayquaza
91%
Best Normal 670 Regigigas
91%
Best Dragon/Fire 680 Reshiram
91%
Best Dark/Flying 680 Yveltal
91%
Best Dragon/Electric 680 Zekrom
91%
Best Ice/Flying 580 Articuno
87%
Best Psychic 580 Azelf
87%
Best Steel/Fighting 580 Cobalion
87%
Best Psychic 580 Cresselia
87%
Best Dark 600 Darkrai
87%
Best Rock/Fairy 600 Diancie
87%
Best Dragon/Flying 600 Dragonite
87%
Best Fire 580 Entei
87%
Best Dragon/Ground 600 Garchomp
87%
Best Ground 670 Groudon
87%
Best Water 670 Kyogre
87%
Best Psychic/Ghost 680 Lunala
87%
Best Psychic 580 Mesprit
87%
Best Steel/Psychic 600 Metagross
87%
Best Fire/Flying 580 Moltres
87%
Best Electric 580 Raikou
87%
Best Ice 580 Regice
87%
Best Rock 580 Regirock
87%
Best Steel 580 Registeel
87%
Best Psychic/Steel 680 Solgaleo
87%
Best Water 580 Suicune
87%
Best Rock/Fighting 580 Terrakion
87%
Best Psychic 580 Uxie
87%
Best Grass/Fighting 580 Virizion
87%
Best Fairy 680 Xerneas
87%
Best Electric/Flying 580 Zapdos
87%
Best Dragon/Ground 708 Zygarde
87%
Best Psychic/Grass 600 Celebi
83%
Best Psychic 600 Deoxys
83%
Best Poison/Dragon 690 Eternatus
83%
Best Bug/Steel 600 Genesect
83%
Best Fire/Steel 600 Heatran
83%
Best Psychic/Ghost 600 Hoopa
83%
Best Dark/Dragon 600 Hydreigon
83%
Best Steel/Psychic 600 Jirachi
83%
Best Ground/Flying 600 Landorus
83%
Best Dragon/Psychic 600 Latias
83%
Best Dragon/Psychic 600 Latios
83%
Best Grass 600 Shaymin
83%
Best Electric/Flying 580 Thundurus
83%
Best Rock/Dark 600 Tyranitar
83%
Best Psychic/Fire 600 Victini
83%
Best Fire/Water 600 Volcanion
83%
Best Dragon/Ice 600 Baxcalibur
78%
Best Dragon/Ghost 600 Dragapult
78%
Best Fighting/Dragon 670 Koraidon
78%
Best Steel/Fairy 600 Magearna
78%
Best Water 600 Manaphy
78%
Best Electric/Dragon 670 Miraidon
78%
Best Several 570 Paradox
78%
Best Dragon/Flying 600 Salamence
78%
Best Normal 670 Slaking
78%
Best Flying 580 Tornadus
78%
Best Dark/Grass 600 Zarude
78%
Best Electric 600 Zeraora
78%
Best Dark/Ice 570 Chien-Pao
74%
Best Dragon 600 Goodra
74%
Best Water/Fighting 580 Keldeo
74%
Best Dragon/Fighting 600 Kommo-o
74%
Best Fighting/Ghost 600 Marshadow
74%
Best Steel 600 Melmetal
74%
Best Normal/Psychic 600 Meloetta
74%
Best Psychic 600 Necrozma
74%
Best Poison/Ghost 600 Pecharunt
74%
Best Dragon 580 Regidrago
74%
Best Electric 580 Regieleki
74%
Best Several 570 Tapu
74%
Worst Bug/Poison 195 Weedle
74%
Best Dark/Grass 570 Wo-Chien
74%
Best Fairy 670 Zacian
74%
Worst Bug 195 Caterpie
70%
Best Dark/Fire 570 Chi-Yu
70%
Worst Normal/Flying 251 Pidgey
70%
Worst Grass 180 Sunkern
70%
Best Dark/Ground 570 Ting-Lu
70%
Best Several 570 Ultra Beast
70%
Best Fighting 670 Zamazenta
70%
Best Steel/Dragon 600 Archaludon
65%
Best Fairy/Flying 580 Enamorus
65%
Best Ice 580 Glastrier
65%
Worst Bug 205 Metapod
65%
Worst Psychic/Fairy 198 Ralts
65%
Best Ghost 580 Spectrier
65%
Worst Normal/Flying 245 Starly
65%
Worst Bug 195 Wurmple
65%
Worst Normal/Fairy 210 Igglybuff
61%
Best Fairy/Fighting 590 Iron Valiant
61%
Worst Bug/Poison 205 Kakuna
61%
Worst Electric 205 Pichu
61%
Best Dragon/Dark 590 Roaring Moon
61%
Worst Ice/Bug 185 Snom
61%
Worst Water 175 Wishiwashi
61%
Best Rock/Flying 567 Archeops
57%
Worst Normal/Fairy 190 Azurill
57%
Worst Normal 250 Bidoof
57%
Worst Psychic/Fairy 278 Kirlia
57%
Worst Water/Grass 220 Lotad
57%
Worst Water 200 Magikarp
57%
Worst Bug/Ground 266 Nincada
57%
Worst Normal 253 Rattata
57%
Worst Normal 215 Sentret
57%
Worst Electric/Poison 242 Toxel
57%
Worst Fairy 218 Cleffa
52%
Worst Water 200 Feebas
52%
Best Rock/Psychic 590 Iron Boulder
52%
Best Steel/Psychic 590 Iron Crown
52%
Best Grass/Psychic 590 Iron Leaves
52%
Worst Bug 194 Kricketot
52%
Worst Water/Fairy 250 Marill
52%
Worst Normal 255 Patrat
52%
Worst Normal/Flying 264 Pidove
52%
Worst Normal/Flying 262 Spearow
52%
Worst Normal/Flying 270 Taillow
52%
Worst Bug/Poison 260 Venipede
52%
Best Water/Dragon 590 Walking Wake
52%
Worst Water/Flying 270 Wingull
52%
Worst Normal 254 Yungoos
52%
Worst Normal 240 Zigzagoon
52%
Worst Poison/Flying 245 Zubat
52%
Worst Grass/Dragon 260 Applin
48%
Worst Bug 180 Blipbug
48%
Worst Bug 205 Cascoon
48%
Best Fire/Dragon 590 Gouging Fire
48%
Worst Normal/Flying 262 Hoothoot
48%
Worst Bug/Flying 265 Ledyba
48%
Worst Dark 220 Poochyena
48%
Best Electric/Dragon 590 Raging Bolt
48%
Worst Flying 245 Rookidee
48%
Worst Bug 200 Scatterbug
48%
Worst Bug/Ghost 236 Shedinja
48%
Worst Bug 205 Silcoon
48%
Worst Bug/Water 269 Surskit
48%
Worst Ice/Ground 250 Swinub
48%
Worst Fighting 210 Tyrogue
48%
Worst Bug/Water 230 Wimpod
48%
Worst Water/Ground 210 Wooper
48%
Worst Normal 237 Bunnelby
43%
Worst Dragon/Ghost 270 Dreepy
43%
Worst Ghost/Fire 275 Litwick
43%
Worst Normal/Flying 265 Pikipek
43%
Worst Grass 220 Seedot
43%
Worst Bug/Poison 250 Spinarak
43%
Worst Fairy 245 Togepi
43%
Worst Normal 270 Wooloo
43%
Worst Bug 224 Burmy
39%
Worst Water/Bug 269 Dewpider
39%
Worst Normal 220 Happiny
39%
Worst Grass/Flying 250 Hoppip
39%
Worst Normal 275 Lillipup
39%
Worst Bug 210 Tarountula
39%
Worst Psychic 260 Wynaut
39%
Worst Dark/Fairy 265 Impidimp
35%
Worst Normal 254 Lechonk
35%
Worst Poison 273 | 275 Nidoran
35%
Worst Bug 210 Nymble
35%
Worst Electric 270 Yamper
35%
Worst Bug/Flying 244 Combee
30%
Worst Flying/Dragon 245 Noibat
30%
Worst Electric 263 Shinx
30%
Worst Normal 260 Skitty
30%
Worst Normal 275 Skwovet
30%
Worst Grass/Normal 260 Smoliv
30%
Worst Grass/Ghost 275 Bramblin
26%
Worst Psychic 200 Cosmog
26%
Worst Ground 265 Diglett
26%
Worst Psychic 265 Hatenna
26%
Worst Dark 245 Nickit
26%
Worst Normal 250 Smeargle
26%
Worst Electric 275 Tynamo
26%
Worst Normal 240 Whismur
26%
Worst Fighting 237 Makuhita
22%
Worst Grass 210 Bounsweet
17%
Worst Grass 275 Cherubi
17%
Worst Grass 250 Gossifleur
17%
Worst Fire 250 Slugma
17%
Worst Psychic 255 Flittle
13%
Worst Grass 250 Fomantis
13%
Worst Bug 270 Rellor
13%
Worst Water 245 Wiglett
13%
Worst Normal/Fairy 270 Jigglypuff
9%
Worst Fairy 270 Milcery
9%
Worst Electric 240 Pawmi
9%
Worst Rock 240 Rolycoly
9%
Worst Fire 255 Charcadet
4%
Worst Electric 272 Tadbulb
4%
No matching quizzes found
Score Distribution
Percent of People with Each Score
Percentile by Number Answered
Your Score History
You have not taken this quiz since the last reset